000 00393nam a2200181Ia 4500
008 210210b1962 xxu||||| |||| 00| 0 eng d
041 _aeng
082 _a829/178
100 _aCONAN (Doyle)
245 _aSign of four
260 _aLondon
_bJohn Murray
_c1962
650 _aSign
650 _aof
650 _afour
690 _aEnglish Fiction
700 _aARTHUR
906 _a016785
999 _c136473
_d136473